Score 0/20 Timer 06:00
1 Play Today
% Correct
Alec Baldwin
91.5%
Emma Watson
88.8%
Lady Gaga
82.7%
Steven Tyler
77.4%
Vince Vaughn
74.8%
Paul Rudd
62.8%
Eric Clapton
60.7%
Martin Lawrence
52.6%
Tim Curry
48.9%
Claire Danes
47.5%
% Correct
Robin Wright
47.4%
James Garner
45.5%
Melissa Joan Hart
45.2%
Elle Fanning
44.6%
Dudley Moore
43.5%
Wayne Newton
41.1%
Jon Cryer
40.6%
Elizabeth Montgomery
35.3%
John Ratzenberger
34.5%
Hayden Christensen
30.1%
Remove Ads.
Support Sporcle.
Get the best of Sporcle when you Go Orange. This ad-free experience offers more features, more stats, and more fun while also helping to support Sporcle. Thank you for becoming a member.

You're not logged in!

Compare scores with friends on all Sporcle quizzes.
OR
Log In

Show Comments

Extras

Top Quizzes Today


Score Distribution

Your Account Isn't Verified!

In order to create a playlist on Sporcle, you need to verify the email address you used during registration. Go to your Sporcle Settings to finish the process.

Report this User

Report this user for behavior that violates our Community Guidelines.

Details: